| 000 | 01245nam a2200313 i 4500 | ||
|---|---|---|---|
| 003 | DO-SdBNP | ||
| 005 | 20240521102707.0 | ||
| 006 | a||||gr|||| 00| 0 | ||
| 007 | ta | ||
| 008 | 221024b200? dr aoc|frc||| 00| 0dspa d | ||
| 040 |
_aDO-SdBNP _bspa _cBNPHU _erda |
||
| 082 | 4 |
_222 _bA696e |
|
| 100 | 1 |
_aArias, Rosa Elina _972926 |
|
| 245 | 1 | 0 |
_aExposición: difícil equilibrio: _bRosa Lina pinta los versos de Morrison. |
| 264 |
_aSanto Domingo : _bCentro Cultural Banreservas Arte y Ciencia para todos, _c2019 |
||
| 300 |
_a[23] páginas : _bilustraciones, fotografías, retratos ; _c28 cm. |
||
| 336 |
_2rdacontent _atexto _btxt |
||
| 337 |
_2rdamedia _asin mediación _bn |
||
| 338 |
_2rdacarrier _avolumen _bnc |
||
| 500 | _aInauguración de la exposición miércoles 23 de octubre 2019. | ||
| 500 | _aIncluye datos biográficos de la autora en las páginas 5 y 6. | ||
| 590 | _aInventariado 2024 / MF | ||
| 600 | 1 | 4 |
_aMorrison, Mateo, _d1947- _91469 |
| 650 | 4 |
_981683 _aArte dominicano _vExposiciones _xCatálogos |
|
| 650 | 4 |
_978897 _aArtes _zRepública Dominicana |
|
| 650 | 4 |
_922946 _aArtes Plásticas _vExposiciones _xCatálogos _zRepública Dominicana |
|
| 710 | 2 |
_aBanco de Reservas de la República Dominicana _96285 |
|
| 942 |
_2ddc _cLF2 |
||
| 999 |
_c52613 _d52613 |
||